[Event "7th Malaysia Open"]
[Site "Kuala Lumpur MAS"]
[Date "2010.09.04"]
[Round "5"]
[White "Mok Tze Meng"]
[Black "Yeap,E"]
[Result "1-0"]
[WhiteElo "2416"]
[BlackElo "2121"]
[EventDate "2010.09.01"]

1. e4 c5 2. Nf3 e6 3. d4 cxd4 4. Nxd4 Nc6 5. Nxc6 bxc6 6. Bd3 d5 7. O-O Bd6
8. c4 dxc4 9. Bxc4 Bxh2+ 10. Kxh2 Qh4+ 11. Kg1 Qxe4 12. Qd6 f6 13. Nd2 Qg6
14. Qxc6+ Kf7 15. Qxa8 Ne7 16. Ne4 Rd8 17. Be3 f5 18. Rad1 Rxd1 19. Ng5+
Kf6 20. Rxd1 h6 21. Bc5 Qxg5 22. Bxe7+ Kxe7 23. Qxc8 Qg4 1-0

[Event "7th Malaysia Open"]
[Site "Kuala Lumpur MAS"]
[Date "2010.09.04"]
[Round "5"]
[White "Pham Chuong"]
[Black "Yeoh,L"]
[Result "1-0"]
[WhiteElo "2361"]
[BlackElo "2112"]
[EventDate "2010.09.01"]

1. d4 d5 2. c4 c6 3. Nf3 Nf6 4. e3 Bf5 5. Bd3 Bg6 6. O-O e6 7. Nc3 Nbd7 8.
Qe2 Bd6 9. Rd1 O-O 10. Bxg6 hxg6 11. e4 dxe4 12. Nxe4 Nxe4 13. Qxe4 Re8 14.
Ng5 Be7 15. Qh4 Bxg5 16. Bxg5 Qa5 17. Qg3 Rac8 18. Rd3 e5 19. d5 c5 20. Qg4
f5 21. Qe2 Qc7 22. d6 Qc6 23. Rad1 a6 24. Be7 b5 25. f4 e4 26. Rd5 Nb6 27.
cxb5 axb5 28. R5d2 Qd7 29. b3 c4 30. bxc4 Rxc4 31. h4 Nc8 32. h5 Qa7+ 33.
Kh1 Nxe7 34. dxe7 g5 35. Rd7 Qa3 36. fxg5 Rxe7 37. Rd8+ Kh7 38. Qf2 g6 39.
hxg6+ Kxg6 40. Qh4 1-0

[Event "7th Malaysia Open"]
[Site "Kuala Lumpur MAS"]
[Date "2010.09.04"]
[Round "5"]
[White "Laksana,Agusta"]
[Black "Abdullah,AlS"]
[Result "1-0"]
[WhiteElo "2373"]
[BlackElo "2125"]
[EventDate "2010.09.01"]

1. e4 d5 2. exd5 Qxd5 3. Nc3 Qa5 4. Bc4 Nf6 5. d4 c6 6. Nf3 Bf5 7. O-O e6
8. Bd2 Qc7 9. Qe2 Bb4 10. d5 Bxc3 11. dxe6 Bxd2 12. exf7+ Kf8 13. Qxd2 b5
14. Bb3 a5 15. Qg5 Bg6 16. Rfe1 Bxf7 17. Qc5+ Kg8 18. Re7 Na6 19. Bxf7+ Kf8
20. Rxc7+ Nxc5 21. Ng5 h6 22. Ne6+ Nxe6 23. Bxe6 Rd8 24. Re1 Nd5 25. Rf7+
1-0

[Event "7th Malaysia Open"]
[Site "Kuala Lumpur MAS"]
[Date "2010.09.04"]
[Round "5"]
[White "Morris,J"]
[Black "Dotsenko,Vi"]
[Result "0-1"]
[WhiteElo "2262"]
[BlackElo "2054"]
[EventDate "2010.09.01"]

1. c4 e6 2. Nc3 d5 3. cxd5 exd5 4. d4 c5 5. Nf3 Nc6 6. g3 Nf6 7. Bg2 Be7 8.
O-O O-O 9. Bg5 cxd4 10. Nxd4 h6 11. Be3 Re8 12. Rc1 Bf8 13. Nxc6 bxc6 14.
Bd4 Bg4 15. Qa4 Qd7 16. Bxf6 gxf6 17. Rfd1 Rab8 18. b3 Rb4 19. Qa6 Bd6 20.
Bxd5 cxd5 21. Nxd5 Qe6 22. Nxb4 Bxb4 23. Qxe6 Bxe6 24. Rc7 Ra8 25. Kg2 Ba5
26. Rc5 Bb4 27. Rh5 Kg7 28. Rd4 a5 29. Rdh4 Rh8 30. e4 Rc8 31. Rxh6 Rc2 32.
Rh7+ Kf8 33. Rh8+ Ke7 34. Rf4 Rxa2 35. h4 Bxb3 36. h5 Bd2 37. Rf5 Bc2 38.
f3 a4 39. Kh3 a3 40. h6 Ra1 41. h7 Rh1+ 42. Kg4 Bb3 43. Rb8 a2 0-1

[Event "7th Malaysia Open"]
[Site "Kuala Lumpur MAS"]
[Date "2010.09.04"]
[Round "5"]
[White "Yee Soon Wei"]
[Black "Nayan,A"]
[Result "1-0"]
[WhiteElo "2303"]
[BlackElo "2048"]
[EventDate "2010.09.01"]

1. e4 c5 2. Nf3 d6 3. d4 cxd4 4. Nxd4 Nf6 5. Nc3 a6 6. Bg5 e6 7. f4 Qb6 8.
Qd3 Qxb2 9. Rb1 Qa3 10. f5 Nc6 11. fxe6 fxe6 12. Nxc6 bxc6 13. Be2 Be7 14.
Bh5+ g6 15. e5 dxe5 16. Rb3 Qd6 17. Qxd6 Bxd6 18. Bxf6 Rf8 19. Bf3 Bd7 20.
Ne4 Be7 21. Bxe7 Kxe7 22. O-O Rab8 23. Rfb1 Rb5 24. c4 Ra5 25. Rb7 Rd8 26.
Rd1 h6 27. h4 c5 28. Rc7 1-0

[Event "7th Malaysia Open"]
[Site "Kuala Lumpur MAS"]
[Date "2010.09.04"]
[Round "5"]
[White "Dragicevic,Do"]
[Black "Azman Hisham,M"]
[Result "1-0"]
[WhiteElo "2195"]
[BlackElo "2046"]
[EventDate "2010.09.01"]

1. e4 c5 2. Nc3 Nc6 3. g3 e6 4. Bg2 g6 5. d3 Bg7 6. Be3 d6 7. Qd2 Nd4 8.
Nd1 Ne7 9. c3 Ndc6 10. Ne2 O-O 11. O-O b6 12. Bh6 Bb7 13. Bxg7 Kxg7 14. Ne3
b5 15. d4 cxd4 16. Nxd4 Nxd4 17. Qxd4+ e5 18. Qd2 f5 19. Rad1 Rf6 20. exf5
Bxg2 21. Kxg2 gxf5 22. f4 e4 23. Qd4 Qg8 24. a3 Qc8 25. Rf2 a6 26. c4 Qe6
27. cxb5 axb5 28. Qb6 Qd7 29. Rc2 Qa7 30. Qxa7 Rxa7 31. Nd5 Nxd5 32. Rxd5
Rb7 33. Rc6 b4 34. a4 b3 35. a5 Rb4 36. a6 Ra4 37. Rb5 Ra2 38. Rxb3 d5 39.
Rc7+ Rf7 40. Rxf7+ Kxf7 41. Rb6 Ke7 42. Kf1 d4 43. Ke2 Kd7 44. Kd2 Kc7 45.
Rb4 Rxa6 46. Rxd4 Rh6 47. h4 Rb6 48. Kc3 Rg6 49. Rd5 Rxg3+ 50. Kc4 Rg4 51.
Rxf5 Rxh4 52. b4 Rh1 53. b5 Rd1 54. Re5 Rh1 55. Rxe4 h5 56. Kd5 Rb1 57.
Re7+ Kb6 58. f5 Rxb5+ 59. Ke6 h4 60. Rh7 Rb4 61. f6 Kc5 62. Rh5+ Kc6 63. f7
Re4+ 64. Kf6 Rf4+ 65. Rf5 1-0

[Event "7th Malaysia Open"]
[Site "Kuala Lumpur MAS"]
[Date "2010.09.04"]
[Round "5"]
[White "F. Sayani,M"]
[Black "Tan,Ju2"]
[Result "0-1"]
[WhiteElo "2201"]
[BlackElo "2052"]
[EventDate "2010.09.01"]

1. e4 e5 2. Nf3 Nc6 3. d4 exd4 4. Bc4 Nf6 5. O-O Nxe4 6. Re1 d5 7. Bxd5
Qxd5 8. Nc3 Qh5 9. Nxe4 Be6 10. Neg5 O-O-O 11. Nxe6 fxe6 12. Rxe6 Bd6 13.
Qe2 d3 14. Qe4 Nd4 15. cxd3 Nxe6 16. Qxe6+ Kb8 17. Be3 Rhf8 18. Qc4 Rxf3
0-1

[Event "7th Malaysia Open"]
[Site "Kuala Lumpur MAS"]
[Date "2010.09.04"]
[Round "5"]
[White "Loo,S"]
[Black "Lee Kah Meng Elgin"]
[Result "1-0"]
[WhiteElo "2147"]
[BlackElo "1918"]
[EventDate "2010.09.01"]

1. d4 d5 2. Nf3 Nf6 3. Bg5 Ne4 4. Bf4 c6 5. Nbd2 Bf5 6. e3 e6 7. Bd3 Nxd2
8. Qxd2 Bxd3 9. Qxd3 Bd6 10. O-O-O Na6 11. Kb1 Qc7 12. Bxd6 Qxd6 13. c3
O-O-O 14. Ng5 Qe7 15. f4 f6 16. Nf3 Kb8 17. Rhe1 f5 18. Ne5 Nc7 19. g4 g6
20. h4 Nb5 21. h5 Rdg8 22. Rh1 Qe8 23. Rd2 Nd6 24. Rdh2 g5 25. gxf5 exf5
26. fxg5 Rxg5 27. Qf1 Rhg8 28. Qf4 Qe6 29. h6 Kc8 30. a3 Nf7 31. Rh5 Rg1+
32. Rxg1 Rxg1+ 33. Ka2 Nxe5 34. Qxe5 Qxe5 35. dxe5 Rg6 36. Kb3 Re6 37. Rxf5
Rxh6 38. Rf8+ Kc7 39. Rf7+ Kb6 40. Kc2 Re6 41. Rf5 Kc7 42. Kd3 Kd7 43. Kd4
Ke7 44. Rh5 h6 45. e4 dxe4 46. Kxe4 Rg6 47. Kf5 Rg1 48. Rxh6 Rf1+ 49. Ke4
Re1+ 50. Kd4 Rd1+ 51. Kc4 1-0

[Event "7th Malaysia Open"]
[Site "Kuala Lumpur MAS"]
[Date "2010.09.04"]
[Round "5"]
[White "Masruri,R"]
[Black "Anasrullah"]
[Result "1-0"]
[WhiteElo "2027"]
[BlackElo "2143"]
[EventDate "2010.09.01"]

1. e4 c5 2. Nf3 g6 3. d4 cxd4 4. Nxd4 Nc6 5. Nc3 Bg7 6. Be3 Nf6 7. Be2 O-O
8. O-O d6 9. Kh1 Bd7 10. f4 Nxd4 11. Bxd4 Bc6 12. Bf3 a5 13. Qe2 e5 14. Be3
exf4 15. Bxf4 Ne8 16. Rfd1 Qb6 17. Rab1 a4 18. Qc4 Ra5 19. Nd5 Bxd5 20.
Rxd5 Rxd5 21. Qxd5 a3 22. b3 Qf2 23. Qd2 Qc5 24. c4 Be5 25. Be3 Qc6 26. Qd5
Qa6 27. Bd1 Nc7 28. Qd2 Ne6 29. Bg4 Re8 30. Rf1 Qc6 31. Qf2 f6 32. Bf3 Kg7
33. Rd1 Ra8 34. Qd2 Rb8 35. Qa5 Nc7 36. Bd4 Ra8 37. Qd2 Rd8 38. Bxe5 fxe5
39. Qa5 Ra8 40. Qb4 Ra6 41. c5 dxc5 42. Qc3 Qe6 43. Qxc5 Nb5 44. Be2 Ra5
45. b4 Nd4 46. Qc7+ Kh6 47. bxa5 Nxe2 48. Rd7 Qg8 49. Qc2 Nd4 50. Qd2+ 1-0

[Event "7th Malaysia Open"]
[Site "Kuala Lumpur MAS"]
[Date "2010.09.04"]
[Round "5"]
[White "Soon,W"]
[Black "Verdiana,N"]
[Result "1-0"]
[WhiteElo "2081"]
[BlackElo "1899"]
[EventDate "2010.09.01"]

1. e4 e5 2. Nf3 Nc6 3. Bc4 Bc5 4. b4 Bxb4 5. c3 Bd6 6. d4 Nf6 7. O-O O-O 8.
Re1 h6 9. Nbd2 Re8 10. a4 exd4 11. cxd4 Bf4 12. e5 d5 13. Bd3 Nh7 14. h3
Ng5 15. Bb2 Bxd2 16. Nxd2 Bxh3 17. f4 Ne6 18. Qf3 Bxg2 19. Kxg2 Nexd4 20.
Qg3 Qe7 21. Bc3 Qc5 22. Rac1 Qa3 23. Bxd4 Qa2 24. Rc2 Qxa4 25. Ba1 d4 26.
Ne4 Kh8 27. Rf2 Rad8 28. Kh2 Nb4 29. Rg1 Rg8 30. Ng5 Rdf8 31. Bc4 Qd7 32.
e6 fxe6 33. Bxe6 Qe8 34. Bxg8 Kxg8 35. Bxd4 Qg6 36. f5 Qxg5 37. Qh3 1-0

[Event "7th Malaysia Open"]
[Site "Kuala Lumpur MAS"]
[Date "2010.09.04"]
[Round "5"]
[White "Low,J"]
[Black "Cheah,C"]
[Result "1/2-1/2"]
[WhiteElo "1914"]
[BlackElo "2003"]
[EventDate "2010.09.01"]

1. e4 c5 2. Nc3 a6 3. g3 g6 4. Bg2 Bg7 5. Nge2 e6 6. O-O Ne7 7. d3 Nbc6 8.
Be3 Nd4 9. Qd2 O-O 10. Nc1 d6 11. Nd1 e5 12. c3 Ne6 13. Bh6 Rb8 14. Bxg7
Nxg7 15. Ne3 b5 16. Ne2 f5 17. f4 Bb7 18. a4 Qb6 19. Kh1 Bc6 20. axb5 axb5
21. b4 cxb4 22. cxb4 Qb7 1/2-1/2

[Event "7th Malaysia Open"]
[Site "Kuala Lumpur MAS"]
[Date "2010.09.04"]
[Round "5"]
[White "Sean,W"]
[Black "Tan Khai Boon"]
[Result "1-0"]
[WhiteElo "1789"]
[BlackElo "2160"]
[EventDate "2010.09.01"]

1. e4 c5 2. Nf3 Nc6 3. d4 cxd4 4. Nxd4 Qb6 5. Nb3 Nf6 6. Nc3 e6 7. Be3 Qc7
8. Bd3 Be7 9. O-O O-O 10. f4 d6 11. Kh1 a6 12. Qf3 b5 13. a3 Bb7 14. Qh3
Rad8 15. Rae1 b4 16. Na4 Nd7 17. Rf3 e5 18. f5 bxa3 19. Rg3 Kh8 20. Qg4 Rg8
21. Rh3 Nf8 22. Bb6 Qd7 23. Bxd8 Bxd8 24. bxa3 Ne7 25. Nc3 g6 26. Rh6 gxf5
27. Qh5 1-0

[Event "7th Malaysia Open"]
[Site "Kuala Lumpur MAS"]
[Date "2010.09.04"]
[Round "5"]
[White "Uehara,S"]
[Black "Ho En Huei,D"]
[Result "1-0"]
[WhiteElo "2013"]
[BlackElo "1914"]
[EventDate "2010.09.01"]

1. e4 c5 2. Nf3 d6 3. d4 cxd4 4. Nxd4 Nf6 5. Nc3 g6 6. Be3 Bg7 7. f3 O-O 8.
Qd2 Nc6 9. Bc4 Bd7 10. O-O-O Rc8 11. Bb3 Ne5 12. Kb1 a6 13. h4 h5 14. g4
hxg4 15. h5 Nxh5 16. Bh6 Kh7 17. Bxg7 Kxg7 18. Rdg1 Rh8 19. f4 Nxf4 20.
Qxf4 e6 21. Rxh8 Qxh8 22. Rf1 Qh4 23. Na4 Bb5 24. c4 Bxc4 25. Bxc4 Rxc4 26.
Nxe6+ Kg8 27. Nb6 Rxe4 28. Qxe4 fxe6 29. Qf4 Qd8 30. Nc4 g5 31. Qe4 Qd7 32.
Nxe5 dxe5 33. Qg6+ Qg7 34. Qxe6+ 1-0

[Event "7th Malaysia Open"]
[Site "Kuala Lumpur MAS"]
[Date "2010.09.04"]
[Round "5"]
[White "Bennett,H"]
[Black "Nur,N"]
[Result "1-0"]
[WhiteElo "1975"]
[BlackElo "1829"]
[EventDate "2010.09.01"]

1. e4 c5 2. Nc3 e6 3. f4 d6 4. Nf3 a6 5. Be2 g6 6. O-O Bg7 7. d3 Nf6 8. Qe1
O-O 9. f5 b5 10. fxg6 fxg6 11. Qh4 Nc6 12. Bg5 Qc7 13. h3 Bb7 14. Nh2 Nd7
15. Bg4 Nd4 16. Nf3 Rae8 17. Be7 Bf6 18. Bxf6 Nxf6 19. Nxd4 Nxg4 20. Rxf8+
Kxf8 21. Nxe6+ Rxe6 22. Qxg4 Rf6 23. Rf1 Rxf1+ 24. Kxf1 Qf7+ 25. Qf3 b4 26.
Na4 Ke8 27. Qxf7+ Kxf7 28. Nb6 Ke7 29. Kf2 Kd8 30. Ke3 Kc7 31. Nc4 d5 32.
Ne5 dxe4 33. dxe4 Kd6 34. Nf7+ Ke7 35. Ng5 h6 36. Nf3 Ke6 37. Kf4 a5 38. h4
a4 39. a3 Ba6 40. c3 bxa3 41. bxa3 Be2 42. g4 Bb5 43. g5 h5 44. Ne5 Be8 45.
Nd3 Kd6 46. Ke3 Bf7 47. Nf4 Ke5 48. Nd3+ Kd6 49. Kf4 Be8 50. Nf2 Bd7 51.
Nd1 Be6 52. Ne3 Bf7 53. e5+ Kc6 54. Ke4 Be6 55. c4 Bf7 56. Nd5 Be6 57. Ne7+
Kd7 58. Nxg6 Bxc4 59. Nf4 Ke7 60. Nxh5 1-0

[Event "7th Malaysia Open"]
[Site "Kuala Lumpur MAS"]
[Date "2010.09.04"]
[Round "5"]
[White "Hetul,S"]
[Black "Tin Jingyao"]
[Result "1/2-1/2"]
[WhiteElo "1956"]
[BlackElo "1828"]
[EventDate "2010.09.01"]

1. Nf3 Nf6 2. c4 g6 3. Nc3 Bg7 4. g3 O-O 5. Bg2 c6 6. O-O d5 7. cxd5 Nxd5
8. d4 Nxc3 9. bxc3 Bg4 10. Qb3 Qc8 11. e4 Nd7 12. a4 e5 13. Bb2 c5 14. d5
c4 15. Qc2 f5 16. Ne1 fxe4 17. Bxe4 Nf6 18. Ba3 Re8 19. f3 Bf5 20. Ng2 Bf8
21. Bxf8 Rxf8 22. Kh1 Bxe4 23. fxe4 Qc5 24. Qe2 b6 25. Rf3 h5 26. h3 Nh7
27. Raf1 Ng5 28. Rxf8+ Rxf8 29. Rxf8+ Qxf8 30. Kh2 Nf3+ 31. Kh1 Ng5 32. h4
Nh3 33. Qxc4 Nf2+ 34. Kg1 Ng4 35. d6+ Kh7 36. d7 Qf2+ 37. Kh1 Qxg3 38. Qf7+
Kh6 39. Qf8+ Kh7 40. Qf7+ Kh6 41. Qf8+ Kh7 42. Qe7+ Kh6 43. Qg5+ Kh7 44.
Qxg4 hxg4 45. d8=Q Qh3+ 46. Kg1 g3 47. Qe7+ Kg8 48. Qe8+ Kh7 49. Qf7+ Kh8
50. Qf6+ Kh7 51. Qf3 Qh2+ 52. Kf1 Qh1+ 53. Ke2 Qc1 54. Qf7+ Kh6 55. Qf8+
Kh7 56. Qf7+ Kh6 57. Qf8+ 1/2-1/2

[Event "7th Malaysia Open"]
[Site "Kuala Lumpur MAS"]
[Date "2010.09.04"]
[Round "5"]
[White "Spiller,P"]
[Black "Fong Yit San"]
[Result "1-0"]
[WhiteElo "1986"]
[BlackElo "1947"]
[EventDate "2010.09.01"]

1. e4 c5 2. Nf3 d6 3. d4 cxd4 4. Qxd4 Nc6 5. Bb5 Bd7 6. Bxc6 bxc6 7. Qc4 e5
8. Qd3 g6 9. Nc3 f5 10. Bg5 Be7 11. Bxe7 Qxe7 12. O-O-O d5 13. exd5 Nf6 14.
dxc6 Bxc6 15. Qd6 Be4 16. Nxe4 Nxe4 17. Qc6+ Kf7 18. Nxe5+ Qxe5 19. Rd7+
Qe7 20. Qd5+ Kf6 21. Rxe7 Kxe7 22. Qb7+ Kf6 23. Qa6+ Kg7 24. f3 Nc5 25. Qd6
Rhc8 26. Kb1 h5 27. Rc1 1-0

[Event "7th Malaysia Open"]
[Site "Kuala Lumpur MAS"]
[Date "2010.09.04"]
[Round "6"]
[White "Gupta,Ab"]
[Black "Wen Yang"]
[Result "1/2-1/2"]
[WhiteElo "2595"]
[BlackElo "2520"]
[EventDate "2010.09.01"]

1. d4 Nf6 2. c4 e6 3. Nf3 b6 4. g3 Bb7 5. Bg2 Be7 6. O-O O-O 7. Re1 Qe8 8.
Bg5 h6 9. Bxf6 Bxf6 10. e4 d6 11. Nc3 Nd7 12. Qd2 a5 13. Rad1 e5 14. Nd5
Qd8 15. Bh3 exd4 16. Nxd4 Bxd4 17. Qxd4 Re8 18. f4 Nc5 19. Bg2 Qd7 20. e5
Rad8 21. Re3 dxe5 22. Rxe5 Kf8 23. Rxe8+ Rxe8 24. Bf3 Qd6 1/2-1/2

[Event "7th Malaysia Open"]
[Site "Kuala Lumpur MAS"]
[Date "2010.09.04"]
[Round "6"]
[White "Wan Yunguo"]
[Black "Zhou Weiqi"]
[Result "1/2-1/2"]
[WhiteElo "2450"]
[BlackElo "2569"]
[EventDate "2010.09.01"]

1. e4 c5 2. Nf3 d6 3. d4 cxd4 4. Nxd4 Nf6 5. Nc3 e6 6. Be2 Be7 7. O-O O-O
8. f4 e5 9. Nf5 Bxf5 10. exf5 Nc6 11. Bf3 Qb6+ 12. Kh1 Rad8 13. Nd5 Nxd5
14. Bxd5 Bf6 15. c4 Ne7 16. Be4 exf4 17. Qb3 Qxb3 18. axb3 d5 19. Bf3 dxc4
20. bxc4 Nxf5 21. Bxf4 Rd4 22. Bd5 b5 23. Be5 Bxe5 1/2-1/2

[Event "7th Malaysia Open"]
[Site "Kuala Lumpur MAS"]
[Date "2010.09.04"]
[Round "6"]
[White "Nguyen Duc Hoa"]
[Black "Cao,S"]
[Result "1/2-1/2"]
[WhiteElo "2385"]
[BlackElo "2535"]
[EventDate "2010.09.01"]

1. d4 Nf6 2. c4 e6 3. Nf3 b6 4. g3 Bb7 5. Bg2 Be7 6. O-O O-O 7. Nc3 Na6 8.
b3 Ne4 9. Nxe4 Bxe4 10. Bb2 d6 11. Qd2 c5 12. Rad1 Qc7 13. Rfe1 Rad8 14.
Nh4 Bxg2 15. Nxg2 Bf6 16. e4 cxd4 17. Bxd4 Bxd4 18. Qxd4 Nc5 19. Rd2 a5 20.
Red1 Qc6 21. f3 Rd7 22. Qe3 Rfd8 23. Nf4 b5 24. cxb5 Qxb5 25. Kg2 h6 26.
Rc1 Na6 27. Qf2 Qb7 28. Qe3 d5 29. exd5 Nb4 30. Rcd1 Nxd5 31. Nxd5 Rxd5 32.
Rxd5 Rxd5 33. Rxd5 Qxd5 34. Qe2 1/2-1/2

[Event "7th Malaysia Open"]
[Site "Kuala Lumpur MAS"]
[Date "2010.09.04"]
[Round "6"]
[White "Arun Prasad,S"]
[Black "Smerdon,D"]
[Result "0-1"]
[WhiteElo "2535"]
[BlackElo "2526"]
[EventDate "2010.09.01"]

1. d4 Nf6 2. c4 e6 3. Nf3 d5 4. g3 dxc4 5. Bg2 Bb4+ 6. Bd2 c5 7. Bxb4 cxb4
8. Nbd2 b5 9. a3 bxa3 10. bxa3 a6 11. O-O Bb7 12. Qb1 O-O 13. Rc1 Nbd7 14.
e4 Nb6 15. a4 Rc8 16. e5 c3 17. exf6 cxd2 18. Rxc8 Qxc8 19. fxg7 Rd8 20.
axb5 Bxf3 21. Bxf3 Qc3 22. Kg2 axb5 23. Ra7 Qxd4 24. Rb7 Nc4 0-1

[Event "7th Malaysia Open"]
[Site "Kuala Lumpur MAS"]
[Date "2010.09.04"]
[Round "6"]
[White "Rahman,Zia"]
[Black "Nadanian,A"]
[Result "0-1"]
[WhiteElo "2543"]
[BlackElo "2411"]
[EventDate "2010.09.01"]

1. d4 d5 2. Nf3 e6 3. c4 c5 4. cxd5 exd5 5. g3 Nc6 6. Bg2 Nf6 7. O-O Be7 8.
Nc3 O-O 9. dxc5 Bxc5 10. Na4 Be7 11. Be3 Bf5 12. Rc1 Qd7 13. Bc5 Rfe8 14.
Bxe7 Qxe7 15. e3 Rac8 16. Nd4 Bg4 17. Nxc6 bxc6 18. Qd4 h5 19. h3 Bf5 20.
Nc5 a5 21. b3 Rb8 22. Rfe1 Rb4 23. Qd2 h4 24. g4 Be4 25. f3 Bg6 26. Qf2 Nd7
27. Nxd7 Qxd7 28. Qxh4 a4 29. bxa4 Rb2 30. Qg3 Rxa2 31. Qf4 Qb7 32. Ra1 Qb2
33. Rxa2 Qxa2 34. Bf1 Ra8 35. h4 Qd2 36. Ra1 c5 37. h5 Bc2 38. Qe5 d4 39.
exd4 Qc3 40. Ra2 cxd4 41. a5 Qb3 42. Rxc2 Qxc2 43. a6 d3 44. Qe4 Rd8 45. a7
Qc5+ 46. Kg2 d2 47. a8=Q d1=Q 48. Qa6 Qc7 49. Kh3 Qdc1 50. Qb5 Qb8 51. Qxb8
Qxf1+ 0-1

[Event "7th Malaysia Open"]
[Site "Kuala Lumpur MAS"]
[Date "2010.09.04"]
[Round "6"]
[White "Nguyen Anh Dung"]
[Black "Murshed,N"]
[Result "1-0"]
[WhiteElo "2500"]
[BlackElo "2411"]
[EventDate "2010.09.01"]

1. e4 e6 2. d4 d5 3. Nc3 Nf6 4. Bg5 Bb4 5. e5 h6 6. Bd2 Bxc3 7. bxc3 Ne4 8.
Qg4 g6 9. Bd3 Nxd2 10. Kxd2 c5 11. Nf3 Nc6 12. dxc5 Qe7 13. Rae1 Qxc5 14.
Nd4 Nxd4 15. Qxd4 Qxd4 16. cxd4 Bd7 17. Rb1 Bc6 18. a4 Kd7 19. a5 Rac8 20.
Rb4 Rc7 21. Rhb1 Rhc8 22. f4 h5 23. Ke3 Rb8 24. Kf3 Ke7 25. Kg3 Rd8 26. Kh4
a6 27. Kg5 Rdc8 28. R1b3 Rd8 29. h3 Rdc8 30. g3 Rd8 31. Rc3 Rdc8 32. g4
hxg4 33. hxg4 Bd7 34. Rxc7 Rxc7 35. c4 Bc6 36. c5 Rc8 37. Rb6 Ra8 38. Kh6
Kf8 39. Bc2 Re8 40. Rb4 Rc8 41. Ba4 Bxa4 42. Rxa4 Re8 43. Rb4 Re7 44. Rb6
Rc7 45. Rd6 Ke7 46. f5 1-0

[Event "7th Malaysia Open"]
[Site "Kuala Lumpur MAS"]
[Date "2010.09.04"]
[Round "6"]
[White "Wang Chen"]
[Black "Iuldachev,S"]
[Result "1-0"]
[WhiteElo "2404"]
[BlackElo "2496"]
[EventDate "2010.09.01"]

1. e4 e5 2. Nf3 Nc6 3. Nc3 Nf6 4. d4 exd4 5. Nxd4 Bb4 6. Nxc6 bxc6 7. Bd3
d5 8. exd5 cxd5 9. O-O O-O 10. Bg5 c6 11. Qf3 h6 12. Bxf6 Qxf6 13. Qxf6
gxf6 14. Ne2 Rb8 15. Ng3 Bc5 16. b3 Re8 17. Rfe1 Re5 18. Kf1 Bb4 19. Re2
Bc3 20. Rd1 Rb4 21. h3 Kf8 22. a3 Rb8 23. f4 Rxe2 24. Nxe2 Bb2 25. a4 f5
26. Kf2 Kg7 27. Kf3 c5 28. g4 fxg4+ 29. hxg4 Kf8 30. Ng3 Rb4 31. Bb5 c4 32.
Re1 a6 33. Re8+ Kg7 34. Bc6 cxb3 35. Nh5+ Kg6 36. Rg8+ Kh7 1-0

[Event "7th Malaysia Open"]
[Site "Kuala Lumpur MAS"]
[Date "2010.09.04"]
[Round "6"]
[White "Dzhumaev,M"]
[Black "Yu Ruiyuan"]
[Result "0-1"]
[WhiteElo "2487"]
[BlackElo "2381"]
[EventDate "2010.09.01"]

1. e4 d5 2. exd5 Qxd5 3. Nc3 Qa5 4. d4 Nf6 5. Nf3 c6 6. Bf4 Bf5 7. Bd2 Qc7
8. Ne5 e6 9. g4 Be4 10. f3 Bd5 11. Nxd5 cxd5 12. Bb5+ Nfd7 13. c4 a6 14.
Qa4 dxc4 15. Bxc4 Bd6 16. Rc1 Qd8 17. Qb3 Nc6 18. Nxf7 Kxf7 19. Bxe6+ Kf8
20. Bc3 Qh4+ 21. Kd1 Qf6 22. Qd5 Ke7 23. Re1 Rhe8 24. Bd2 Nb6 25. Qb3 Nxd4
26. Bd5+ Be5 27. Qb4+ Kd7 28. Bxb7 Rab8 29. Be4 Bd6 30. Qa5 Rxe4 0-1

[Event "7th Malaysia Open"]
[Site "Kuala Lumpur MAS"]
[Date "2010.09.04"]
[Round "6"]
[White "Vijayalakshmi,S"]
[Black "Udani,I"]
[Result "1-0"]
[WhiteElo "2466"]
[BlackElo "2255"]
[EventDate "2010.09.01"]

1. Nf3 Nf6 2. g3 g6 3. Bg2 Bg7 4. O-O c5 5. c4 O-O 6. Nc3 d5 7. cxd5 Nxd5
8. Nxd5 Qxd5 9. d3 Nc6 10. Ng5 Qd7 11. Rb1 h6 12. Ne4 b6 13. a3 Bb7 14. b4
cxb4 15. axb4 Rac8 16. Bb2 e5 17. Qa4 Rfd8 18. b5 Na5 19. Ba3 f5 20. Nd6
Bxg2 21. Nxc8 Ba8 22. Ne7+ Kh7 23. Rfc1 a6 24. Qc2 f4 25. Qc7 Qh3 26. Rc6
Nxc6 27. bxc6 Re8 28. Rxb6 fxg3 29. hxg3 Qe6 30. Rb7 Bxb7 31. cxb7 Qb3 32.
Nc8 Qxa3 33. b8=Q Qa1+ 34. Kg2 e4 35. dxe4 Rxe4 36. Ne7 1-0

[Event "7th Malaysia Open"]
[Site "Kuala Lumpur MAS"]
[Date "2010.09.04"]
[Round "6"]
[White "Narayanan,Sr"]
[Black "Tan Zhongyi"]
[Result "1/2-1/2"]
[WhiteElo "2383"]
[BlackElo "2461"]
[EventDate "2010.09.01"]

1. e4 d6 2. d4 Nf6 3. Nc3 g6 4. Be3 c6 5. Qd2 b5 6. Bd3 Nbd7 7. h3 Bg7 8.
Nf3 O-O 9. O-O Qc7 10. a4 b4 11. Ne2 c5 12. c3 bxc3 13. bxc3 Bb7 14. Ng3 e5
15. d5 c4 16. Bc2 Ba6 17. Rfb1 Rab8 18. Qe2 Nc5 19. Rb4 Nd3 20. Bxd3 cxd3
21. Qd2 Rfc8 22. Ne1 Bc4 23. Rab1 a5 24. Bb6 axb4 25. Bxc7 bxc3 26. Qxd3
Bxd3 27. Rxb8 Rxb8 28. Bxb8 Bc4 29. Bxd6 Nd7 30. a5 Bf8 31. Bxf8 Kxf8 32.
Nf1 Nc5 33. Ne3 Bb5 34. Nd1 Na4 35. f3 Ke7 36. Kf2 Kd6 37. Ke3 f6 38. Nc2
Kc5 39. Nf2 Nb2 40. f4 Bf1 41. fxe5 fxe5 42. Kf3 Kb5 43. Ng4 Nc4 44. Nge3
Nxe3 45. Nxe3 Kxa5 46. Kg4 Kb5 47. d6 Kc6 48. Nd5 c2 49. Nb4+ Kxd6 50. Nxc2
Bxg2 51. Ne3 Bxe4 52. Kg5 Bf5 53. Kf6 Bxh3 54. Nc4+ Kd5 55. Nxe5 g5 56. Nd3
g4 57. Nf2 h5 58. Kg5 Bf1 59. Nxg4 hxg4 60. Kxg4 1/2-1/2

[Event "7th Malaysia Open"]
[Site "Kuala Lumpur MAS"]
[Date "2010.09.04"]
[Round "6"]
[White "Roy Chowdhury,S"]
[Black "Suvrajit,S"]
[Result "1/2-1/2"]
[WhiteElo "2457"]
[BlackElo "2378"]
[EventDate "2010.09.01"]

1. d4 Nf6 2. Nf3 d6 3. g3 Nbd7 4. Bg2 e5 5. O-O Be7 6. c4 O-O 7. Nc3 c6 8.
Qc2 Qc7 9. b3 Re8 10. Bb2 Bf8 11. e4 b5 12. dxe5 dxe5 13. cxb5 cxb5 14. Qe2
b4 15. Nd5 Nxd5 16. exd5 Qd6 17. Rfd1 Ba6 18. Qe3 f6 19. Nd2 Nc5 20. Ne4
Nxe4 21. Bxe4 g6 22. Bd3 Bxd3 23. Qxd3 Bh6 24. Bc1 Bg7 25. Be3 f5 26. Rac1
e4 27. Qe2 Bc3 28. Bf4 Qd7 29. d6 Rac8 30. Rd5 Rc6 31. Rcd1 1/2-1/2

[Event "7th Malaysia Open"]
[Site "Kuala Lumpur MAS"]
[Date "2010.09.04"]
[Round "6"]
[White "Ding Yixin"]
[Black "Gao Rui"]
[Result "0-1"]
[WhiteElo "2379"]
[BlackElo "2450"]
[EventDate "2010.09.01"]

1. e4 e5 2. Nf3 Nc6 3. Bb5 a6 4. Ba4 Nf6 5. O-O b5 6. Bb3 Be7 7. Re1 d6 8.
c3 O-O 9. h3 Na5 10. Bc2 c5 11. d4 Qc7 12. Nbd2 cxd4 13. cxd4 Rd8 14. d5
Bd7 15. Nf1 Rdc8 16. Be3 Nb7 17. Bg5 Nc5 18. Rc1 Qd8 19. Bb1 a5 20. Ng3 b4
21. b3 a4 22. Be3 Qb6 23. Nd2 g6 24. Nc4 Qa6 25. f4 exf4 26. Bxf4 axb3 27.
axb3 Bb5 28. Kh1 Nfd7 29. Qf3 Nxb3 30. Qxb3 Bxc4 31. Qxb4 Rab8 32. Qd2 Bf6
33. Ne2 Rb2 34. Qd1 Bb3 35. Qd3 Rxc1 36. Rxc1 Qxd3 37. Bxd3 Be5 38. Rb1
Rxb1+ 39. Bxb1 Bc4 40. Bxe5 Nxe5 41. Nd4 Bd3 42. Bxd3 Nxd3 43. g4 Nf2+ 44.
Kg2 Nxe4 45. Nb5 Kf8 46. Kf3 Ng5+ 47. Kg3 Ke7 48. h4 Ne4+ 49. Kf4 Nf6 50.
Nc3 h5 51. g5 Ne8 52. Ne4 Kd7 53. Ke3 Kc7 54. Kd4 Ng7 55. Ng3 Kb6 56. Kc4
Kc7 57. Kd4 Kb7 58. Kd3 Ka6 59. Kc4 Kb6 60. Kd4 Kb5 61. Kd3 Kc5 62. Ke4 Kc4
63. Nf1 Nf5 64. Nd2+ Kc5 65. Nf3 Ng3+ 0-1